00320nam a2200133Ia 4500008004100000020001800041041000800059082001600067245002700083250000600110260004100116300001100157650001800168210716s2018 xx 000 0 und d a9788126568123 aeng a153.94 GREV aGRE verbal grail 2018. a1 aNew DelhibWiley India Pvt Ltdc2018 aix,362 aAptitude Test